000 00560nam a2200205Ia 4500
005 20250326145533.0
008 250326s9999 xx 000 0 und d
037 _aTextbook
040 _aFMSL
_beng
_cFMSL
041 _aeng
_2eng
084 _aY15 Q5;1
_qFMSL
100 _aMurugan K R
_9751351
245 0 _aSocial exclusion & inclusion of the women in India
_cMurugan K R
260 _aChennai
_bChennai, MJP India
_c2015
365 _b5995
490 _v1
650 _aManagement
942 _cTB
_hY15 Q5;1
999 _c1307917
_d1307917